| 000 | 01601nam0a2200373 4500 | ||
|---|---|---|---|
| 001 | RU\NLR\bibl\1870233 | ||
| 005 | 20260406013143.0 | ||
| 010 |
_a978-5-88595-179-1 _9250 |
||
| 021 |
_aRU _b2012-4270 _9308 |
||
| 035 | _a(nilc)RSL-KNO-005385195 | ||
| 035 | _a(NLR Aleph) 001860081 | ||
| 090 |
_a2519344 _c2519344 |
||
| 100 | _a20120206d2011 |||y0rusy50 ca | ||
| 101 | 0 | _arus | |
| 102 | _aRU | ||
| 105 | _aa ||||||||| | ||
| 200 | 1 |
_aУплотнения нефтяных центробежных и поршневых насосов _fБ.С. Захаров, И.Б. Захаров |
|
| 210 |
_aМосква _cВНИИОЭНГ _d2011 |
||
| 215 |
_a202 с. _cил., табл. _d22 |
||
| 320 | _aБиблиогр.: с. 202 (25 назв.) | ||
| 606 | 1 |
_aНефтяные насосы поршневые _xУплотнения _92129941 _3RU\NLR\auth\661589137 |
|
| 606 | 1 |
_aНефтяные насосы центробежные _xУплотнения _92142760 _3RU\NLR\auth\661595867 |
|
| 686 |
_aИ361.3-5-041.126,07 _2rubbk |
||
| 686 |
_aЛ54-55-04,07 _2rubbk |
||
| 686 | _aИ361.3-5-041.126 | ||
| 700 | 1 |
_4070 _8rus _7ca _aЗахаров _bБ. С. _cканд. техн. наук _gБорис Семенович _3RU\NLR\auth\77118621 _9101546 |
|
| 701 | 1 |
_4070 _8rus _7ca _aЗахаров _bИ. Б. _cинженер, нефтяное оборудование _gИгорь Борисович _3RU\NLR\auth\77118622 _9101547 |
|
| 801 | 0 |
_aRU _bRuMoRKP _c20120206 _grcr |
|
| 801 | 1 |
_aRU _bРГБ _c20120206 |
|
| 801 | 2 |
_aRU _bNLR _c20120215 _grcr |
|
| 942 | _cBOOK | ||
| 980 | _aNB | ||
| 980 | _aNBR | ||